header

2008 labour overview (Record no. 222663)

MARC details
000 -LEADER
fixed length control field 01402nam a2200349 a 4500
245 00 - TITLE STATEMENT
Title 2008 labour overview
250 ## - EDITION STATEMENT
Edition statement 1st ed.
260 ## - PUBLICATION, DISTRIBUTION, ETC. (IMPRINT)
Place of publication Geneva :
Name of publisher International Labour Office, Regional Office for Latin America and the Caribbean,
Year of publication 2009.
300 ## - PHYSICAL DESCRIPTION
Number of Pages vi, 117 p.
490 0# - SERIES STATEMENT
Series statement Labour overview : Latin America and the Caribbean,
650 #0 - SUBJECT ADDED ENTRY--TOPICAL TERM
Topical Term Labor
Topical Term Labor
Topical Term Labor
Topical Term Labor
Topical Term Working class
Topical Term Working class
856 40 - ELECTRONIC LOCATION AND ACCESS
Uniform Resource Identifier http://site.ebrary.com/lib/rucke/Doc?id=10512019

No items available.

© 2026 Rongo University
Contact us: librarian | system librarian | Rongo university